Click a Jen Quiz Stats

 Plays Quiz Updated Jun 2, 2015

Score 0/14 Timer 03:00
3 Plays Today
% Correct
Aniston
94.4%
Lopez
90.5%
Lawrence
89.4%
Garner
79.6%
Love Hewitt
76.1%
Grey
74.4%
Capriati
72.7%
% Correct
Hudson
70.4%
Connelly
68.3%
Beals
62.7%
Jason Leigh
57%
Nettles
55.1%
Kessy
45.9%
Coolidge
43.7%

You're not logged in!

Compare scores with friends on all Sporcle quizzes.
OR
Log In

Show Comments

Extras

Top Quizzes Today


Score Distribution

Your Account Isn't Verified!

In order to create a playlist on Sporcle, you need to verify the email address you used during registration. Go to your Sporcle Settings to finish the process.

Report this User

Report this user for behavior that violates our Community Guidelines.

Details: